000 00531nam a22001937a 4500
999 _c62204
_d62204
005 20240801145951.0
008 240801s2023 ge ||||| |||| 00| 0 ger d
020 _a 9783858699565 X
041 _ager
080 _a821.122.31 S-46
100 _aSemadeni, Leta
_dAuthor
_923035
245 _aTamangur:
_bRoman /
_c Leta Semadeni
264 _aZürich :
_bRotpunktverlag,
_c2023.
300 _a 157 p.:
_b21 cm.
653 _a Tamangur
653 _aთამანგურ
653 _aრომანი
942 _2udc
_cBK